Normal view
MARC view
- Asif Yasir, Fsisal Iqbal, M. Abu Baker Khalid
Entry Personal Name
001 - CONTROL NUMBER
- control field: 55044
003 - CONTROL NUMBER IDENTIFIER
- control field: NUST
005 - DATE AND TIME OF LATEST TRANSACTION
- control field: 20210421120127.0
008 - FIXED-LENGTH DATA ELEMENTS
- fixed length control field: 210421|| aca||aabn | a|a d
040 ## - CATALOGING SOURCE
- Original cataloging agency: NUST
- Transcribing agency: NUST
100 ## - HEADING--PERSONAL NAME
- Personal name: Asif Yasir, Fsisal Iqbal, M. Abu Baker Khalid
670 ## - SOURCE DATA FOUND
- Source citation: Work cat.: (NUST): Asif Yasir, Fsisal Iqbal, M. Abu Baker Khalid, Recovery and Reuse of Carbon Dioxide from Flue Gas Stream of Boilers with CD (UG-CHE-2016), 2016SCME.
